HOLLAND & BREWS MANUAL OF OBSTETRICS (Record no. 6722)
[ view plain ]
| 000 -LEADER | |
|---|---|
| fixed length control field | 00354nam a2200145Ia 4500 |
| 008 - FIXED-LENGTH DATA ELEMENTS--GENERAL INFORMATION | |
| fixed length control field | 150301s2014 xx 000 0 und d |
| 082 ## - DEWEY DECIMAL CLASSIFICATION NUMBER | |
| Classification number | 618.2 |
| Item number | H14D |
| 100 ## - MAIN ENTRY--PERSONAL NAME | |
| Personal name | DAFTARY, SHIRISH N. |
| 245 ## - TITLE STATEMENT | |
| Title | HOLLAND & BREWS MANUAL OF OBSTETRICS |
| 250 ## - EDITION STATEMENT | |
| Edition statement | 3RD |
| 260 ## - PUBLICATION, DISTRIBUTION, ETC. (IMPRINT) | |
| Name of publisher, distributor, etc. | ELSEVIER |
| Place of publication, distribution, etc. | INDIA |
| Date of publication, distribution, etc. | 2014 |
| 300 ## - PHYSICAL DESCRIPTION | |
| Extent | 612 |
| 650 ## - SUBJECT ADDED ENTRY--TOPICAL TERM | |
| Topical term or geographic name as entry element | OBST. & GYNE |
| 942 ## - ADDED ENTRY ELEMENTS (KOHA) | |
| Source of classification or shelving scheme | Dewey Decimal Classification |
| Koha item type | Books |
| Withdrawn status | Lost status | Source of classification or shelving scheme | Damaged status | Not for loan | Collection code | Home library | Current library | Shelving location | Date acquired | Source of acquisition | Cost, normal purchase price | SGTU | Bill Number | Total Checkouts | Full call number | Barcode | Date last seen | Date last checked out | Bill Date | Koha item type |
|---|---|---|---|---|---|---|---|---|---|---|---|---|---|---|---|---|---|---|---|---|
| Dewey Decimal Classification | MEDICAL | SGT Medical Library | SGT Medical Library | Text Book | 02/07/2015 | ABC DELHI | 775.00 | SGTU | 4996 | 3 | 618.2 H14D | FM7128 | 28/03/2018 | 14/03/2018 | 06/11/2014 | Books | ||||
| Dewey Decimal Classification | MEDICAL | SGT Medical Library | SGT Medical Library | Text Book | 02/07/2015 | ABC DELHI | 775.00 | SGTU | 4996 | 1 | 618.2 H14D | FM7129 | 24/12/2018 | 13/12/2018 | 06/11/2014 | Books | ||||
| Dewey Decimal Classification | MEDICAL | SGT Medical Library | SGT Medical Library | Text Book | 02/07/2015 | ABC DELHI | 775.00 | SGTU | 4996 | 2 | 618.2 H14D | FM7130 | 04/01/2019 | 24/12/2018 | 06/11/2014 | Books |